Sports Quiz

Random Sports or NBA Quiz

Big 4 Teams Without Titles Quiz Stats

 Plays Quiz Updated Jun 14, 2019

Score 0/41 Timer 05:00
2 Plays Today
% Correct
Cleveland Browns
78.3%
Carolina Panthers
77.9%
Florida Panthers
77.8%
Houston Texans
74%
Jacksonville Jaguars
72.9%
Detroit Lions
72.5%
Buffalo Bills
72%
Arizona Cardinals
71.9%
Minnesota Vikings
69.2%
Tennessee Titans
68.6%
Cincinnati Bengals
68.1%
Atlanta Falcons
67%
Los Angeles Chargers
66.5%
Los Angeles Clippers
66.2%
Winnipeg Jets
64.5%
Brooklyn Nets
63.3%
Tampa Bay Rays
63.2%
New Orleans Pelicans
63.1%
Washington Nationals
61.9%
Charlotte Hornets
61.6%
Utah Jazz
61.2%
% Correct
Orlando Magic
60.6%
Seattle Mariners
60.3%
Texas Rangers
59.8%
San Diego Padres
59.2%
Minnesota Timberwolves
58%
Colorado Rockies
57.9%
Memphis Grizzlies
56%
Phoenix Suns
55.2%
Minnesota Wild
52.4%
Indiana Pacers
51.8%
Milwaukee Brewers
50.7%
Columbus Blue Jackets
50.5%
Vancouver Canucks
50.2%
Denver Nuggets
49.7%
Arizona Coyotes
48.5%
San Jose Sharks
47.7%
Nashville Predators
46.6%
Ottawa Senators
43.3%
Vegas Golden Knights
43.2%
Buffalo Sabres
40%

You're not logged in!

Compare scores with friends on all Sporcle quizzes.
OR
Log In

Sporcle TV

Today on Sporcle TV


Watch our educational content, quiz creation guides, and fun videos on Sporcle TV.

Show Comments

Extras

Top Quizzes Today


Score Distribution

Your Account Isn't Verified!

In order to create a playlist on Sporcle, you need to verify the email address you used during registration. Go to your Sporcle Settings to finish the process.

Report this User

Report this user for behavior that violates our Community Guidelines.

Details: